MARC

LEADER 00000nas a2200000 4500
001 ssj0001983
003 WaSeSS
005 20200512172242.0
006 m d
007 cr n
008 750221c19749999maubr p s 0 a0eng c
010 |a  79649829   |z sc 79003107   |z sn 79000913  
016 7 |a 007173337  |2 Uk 
022 |l 0012-5245  |y 0012-5245 
032 |a 120730  |b USPS 
035 |a (WaSeSS)ssj0001983 
037 |b Dollars & sense, One Summer St., Somerville, Mass., 02143-9969 
040 |a PIT  |b eng  |c PIT  |d YUS  |d NSD  |d DLC  |d OCL  |d AIP  |d NSD  |d NST  |d AIP  |d NST  |d NSD  |d HUL  |d NST  |d MUL  |d HUL  |d NST  |d NSD  |d NST  |d WAU  |d IUL  |d NST  |d HUL  |d OCL  |d IUL  |d OCL  |d SYS  |d OCLCQ  |d NLGGC  |d MUQ  |d DLC  |d SERSO  |d OCLCQ  |d ZQP  |d OCLCQ  |d UKMGB  |d OCLCF  |d OCLCO  |d GILDS  |d OCLCO  |d OCLCQ  |d TYC  |d OCLCQ  |d CBA  |d OCLCO  |d OCLCQ  |d UKBTH  |d WaSeSS 
042 |a nsdp  |a pcc 
043 |a n-us--- 
050 0 0 |a HC106.7  |b .D64 
060 0 0 |a WO 11.1  |b G487m 1999 
082 0 4 |a 330.9/73/092 
210 0 |a Dollars sense  |b (Somerv. Mass.) 
222 0 |a Dollars & sense  |b (Somerville, Mass.) 
245 0 0 |a Dollars & sense  |h [electronic resource]. 
246 3 |a Dollars and sense 
260 |a [Somerville, Mass.],  |b [Economic Affairs Bureau, etc.] 
310 |a Bimonthly,  |b Sept./Oct. 1993- 
321 |a Monthly (except June and Aug.),  |b 1974- 
321 |a Monthly (except bimonthly in Feb. and Aug.),  |b <June 1993>-July/Aug. 1993 
362 0 |a no. 1- Nov. 1974- 
506 |a License restrictions may limit access. 
515 |a No. 1 preceded by a sample issue. 
550 |a Numbers for Nov. 1974-<July-Aug. 1981> prepared by a group of members of the Union for Radical Political Economics. 
650 7 |a Economic history.  |2 fast  |0 (OCoLC)fst00901974 
650 7 |a Economic policy.  |2 fast  |0 (OCoLC)fst00902025 
650 1 7 |a Financiën.  |2 gtt 
651 0 |a United States  |x Economic conditions  |v Periodicals. 
651 0 |a United States  |x Economic policy  |v Periodicals. 
651 6 |a États-Unis  |x Conditions économiques  |y 1971-1981  |v Périodiques. 
651 6 |a États-Unis  |x Conditions économiques  |y 1981-  |v Périodiques. 
651 6 |a États-Unis  |x Politique économique  |v Périodiques. 
651 7 |a United States.  |2 fast  |0 (OCoLC)fst01204155 
655 0 |a Electronic journals. 
710 2 |a Union for Radical Political Economics. 
710 2 |a Economic Affairs Bureau. 
776 1 |t Dollars & sense (Somerville, Mass.)  |w (DLC)sn 90012062  |w (OCoLC)12090135 
850 |a C  |a CU-Riv  |a CaMBC  |a CoU  |a DLC  |a IEN  |a IaU  |a InU  |a MCM  |a MH-BA  |a MH-Hi  |a MH-KG  |a MH-Lm  |a MsU  |a NBC  |a NN  |a NRU  |a NcRS  |a NcU  |a NcWsW  |a NdU  |a NjR  |a TxU  |a UPB  |a WaU  |a WyU 
853 2 2 |8 1  |a no.  |i (year)  |j (month)  |w 10  |x 01 
856 4 0 |z Full text available from Research Library: 11/01/1997 to 09/30/2015  |u https://search.proquest.com/publication/36538 
863 4 0 |8 1  |a <13>-  |i <1976>-  |x provisional